00311nam a2200097Ia 4500008004100000020000600041100002700047245001900074999001900093952010100112211105s9999 xx 000 0 und d a" a FROST, Mark 9105960 0aList of seven  c593991d593990 00104070aERMELLbERMELLd2021-11-08g76.99l0oEF FROp33228014512907r2021-11-08w2021-11-08